Statistiche per Tutti gli Stati che hanno controllato Jyväskylä

Clicka qui per fare il quiz!

Statistiche generali

  • Questo quiz è stato fatto 4 volte
  • Il punteggio medio è 7 su 9

Statistiche sulle risposte

Risposta% Corretto
Impero Russo
100%
Repubblica di Finlandia
100%
Impero Russo (Granducato di Finlandia)
75%
Impero Svedese
75%
Secondo Regno di Svezia
75%
Terzo Regno di Svezia
75%
Terzo Regno di Svezia
75%
Tsardom di Russia
75%
Regno di Finlandia
50%

Distribuzione punteggi

Percentile per numero di risposta

Percentuale di utenti per punteggio

I tuoi punteggi nel tempo

Non hai fatto questo quiz